Učíme děti myslet a mluvit, aneb, Ví to každá kapka /
Uložené v:
| Hlavný autor: | |
|---|---|
| Ďalší autori: | |
| Médium: | Kniha |
| Jazyk: | Czech |
| Vydané: |
Brno :
Edika,
2016.
|
| Vydanie: | 1. vyd. |
| Témy: | |
| ISBN: |
9788026609735 (brož.) |
| Fyzický popis: |
104 s. : il., noty ; 30 cm. |
| Tagy: |
Pridať tag
Žiadne tagy, Buďte prvý kto otaguje tento záznam!
|
Titul je dostupný aj v ... 

MARC
| LEADER | 00000nam a2200000 i 4500 | ||
|---|---|---|---|
| 001 | 000526321 | ||
| 005 | 20170116092256.0 | ||
| 008 | 160520s2016 xr ag j f 000 p cze d | ||
| 020 | |a 9788026609735 (brož.) | ||
| 040 | |a SVKKK |b slo |c SVKKK |e AACR2 | ||
| 041 | 0 | |a cze | |
| 044 | |a xr |c CZ | ||
| 072 | 7 | |a 811.162.3 |x Čeština |2 konspekt | |
| 072 | 7 | |a 0/9-053.2 |x Literatúra pre deti a mládež (náučná) |2 konspekt | |
| 080 | |a 316.346.32-053.5 |2 2011 | ||
| 080 | |a 811.162.3 |2 2011 | ||
| 080 | |a 376.1-056.264 |2 2011 | ||
| 080 | |a 81:371.382 |2 2011 | ||
| 080 | |a (0:82-1) |2 2011 | ||
| 080 | |a (035) |2 2011 | ||
| 080 | |a (0.053.2) |2 2011 | ||
| 100 | 1 | |a Weinberger, Jiří, |d 1946- | |
| 245 | 1 | 0 | |a Učíme děti myslet a mluvit, aneb, Ví to každá kapka / |c Jiří Weinberger ; [ilustrace: Pavla Hovorková]. |
| 246 | 3 | 0 | |a Ví to každá kapka |
| 250 | |a 1. vyd. | ||
| 260 | |a Brno : |b Edika, |c 2016. | ||
| 300 | |a 104 s. : |b il., noty ; |c 30 cm. | ||
| 500 | |a Údaj o il. prevzatý z rubu titul. strany | ||
| 500 | |a Biograf. údaje o aut. a il. | ||
| 521 | 1 | |a Pre deti od 5 do 12 rokov, rodičov, školy a krúžky | |
| 650 | 0 | 7 | |a deti školského veku |2 SVKKKPH |
| 650 | 0 | 7 | |a čeština |2 SVKKKPH |
| 650 | 0 | 7 | |a logopédia |2 SVKKKPH |
| 650 | 0 | 7 | |a jazykové hry |2 SVKKKPH |
| 655 | 7 | |a poézia |2 SVKKKPH | |
| 655 | 7 | |a príručky |2 SVKKKPH | |
| 655 | 7 | |a publikácie pre deti |2 SVKKKPH | |
| 700 | 1 | |a Hovorková, Pavla |4 ill | |
| 910 | |a svkkk | ||
| 919 | |a 978-80-266-0973-5 | ||
| 998 | |a BK | ||
| 090 | |g SCKHL |k Sklad Hlavná 10 prízemie |a V.235462 |j 1076808 |i 2720380646 |s Absenčne | ||